=LDR 00000nam 2200000 4500 =001 INLIS000000000059743 =005 20211130094911 =035 ##$$a 0010-1121000480 =007 ta =008 211130###########################0#ind## =020 ##$$a 979-8085-17-5 =082 ##$$a 959.8 =084 ##$$a 959.8 Ser s =245 ##$$a Serangan Umum 1 Maret 1949 di Yogyakarta : $b Latar Belakang dan Pengaruhnya =250 ##$$a cet 6 =300 ##$$a 425 halaman : $b ilustrasi ; $c 21 cm =650 #4$$a Sejarah - Revolusi =264 ##$$a Jakarta :$b Citra Lamtoro Gung Persada,$c 1993 =336 ##$$a teks$2 rdacontent =337 ##$$a lain-lain$2 rdamedia =338 ##$$a lain-lain$2 rdacarrier =990 ##$$a 32893289 =990 ##$$a 00130013